000
00332nam a2200133Ia 4500
008
150201s2014 xx 000 0 und d
082
_a
611
_b
A2010S
100
_a
SINGH,D.R.
245
_a
ESSENTIALS OF ANATOMY FOR DENTISTRY STUDENTS
250
_a
1ST
260
_b
WOLTER KLUWER PUBLICATION
650
_a
ANATOMY
942
_2
ddc
_c
BK
999
_c
4885
_d
4885